000
00228 a2200097 4500
001
48430
100
_a
Tew, B
245
_a
International monetary cooperation
260
_a
London
_b
Hutchinson univ lib
_c
090
_c
31368
_d
31368
942
_a
NUST-CAE
_c
M
_c
23745
999
_c
283503
_d
283503